Normal view MARC view
  • PHARMACY

Entry Topical Term

Number of records used in: 1

001 - CONTROL NUMBER

  • control field: 7331

003 - CONTROL NUMBER IDENTIFIER

  • control field: OSt

005 - DATE AND TIME OF LATEST TRANSACTION

  • control field: 20220914110150.0

008 - FIXED-LENGTH DATA ELEMENTS

  • fixed length control field: 220914|| aca||aabn | a|a d

040 ## - CATALOGING SOURCE

  • Original cataloging agency: OSt
  • Transcribing agency: OSt

150 ## - HEADING--TOPICAL TERM

  • Topical term or geographic name as entry element: PHARMACY

670 ## - SOURCE DATA FOUND

  • Source citation: Work cat.: (OSt)8025: NIMBEKAR , DR. TULSIDAS. P 7321, NEW APPROCH TO PHARMACY LAW AND ETHICS